OTEVŘENÉ OTÁZKY SOUDOBÉ ASTROFYZIKY

Bibliographic Details
Main Author: Grygar, Jiří, 1936- (Author)
Format: Article
Language:Slovak
Czech

MARC

LEADER 00000nab a2200000 a 4500
001 vtls010725301
003 SK-MaSNL
005 20260304194519.0
008 250709s1974 xo |||||||||||||||||slo|
035 |a (urnnbn)urn:nbn:sk:snk:ar-a04x35 
035 |a (uuid)9c7f5722-f964-4b66-9c53-7ecbd1d9c8e7 
035 |a urn:nbn:sk:snk-ab3p98 
040 |a SNKBUCL  |b slo  |c SNKBUCL  |e AACR2 
041 0 |a cze 
044 |a xo  |c SK 
100 1 |a Grygar, Jiří,  |d 1936-  |4 aut  |9 258420 
245 1 0 |a OTEVŘENÉ OTÁZKY SOUDOBÉ ASTROFYZIKY  |c Jiří Grygar 
773 0 |t Kozmos : populárno-vedecký astronomický časopis  |g Roč. 5, č. 1 (1974), s. 2-4 
850 |a Slovenská národná knižnica 
852 |a Slovenská národná knižnica 
954 |a odborná, vedecká literatúra cudzojazyčná (svetová)  |2 lita 
958 |a article1 
958 |a OND 
958 |a EUIPO 
999 |c 3074751  |d 3076681